Quiz - Tous les joueurs de Liverpool - 2025-2026 - Statistiques

Statistiques générales
  • Ce quiz a été pris 60 fois
  • Le résultat moyen est 17 sur 28
Statistiques - réponses
Nationalités Poste Joueurs % Correct
Brésil Gardien Alisson
97%
France Défenseur Ibrahima Konaté
87%
Egypte Attaquant Mohamed Salah
87%
Pays-Bas Défenseur Virgil van Dijk
85%
France Attaquant Hugo Ekitiké
82%
Suède Attaquant Alexander Isak
79%
Argentine Milieu Alexis Mac Allister
79%
Pays-Bas Attaquant Cody Gakpo
79%
Ecosse Défenseur Andrew Robertson
74%
Italie Attaquant Federico Chiesa
74%
Allemagne Milieu Florian Wirtz
74%
Hongrie Défenseur Milos Kerkez
74%
Hongrie Milieu Dominik Szoboszlai
72%
Pays-Bas Défenseur Jeremie Frimpong
69%
Géorgie Gardien Giorgi Mamardashvili
67%
Angleterre Défenseur Joe Gomez
67%
Pays-Bas Milieu Ryan Gravenberch
67%
Japon Milieu Wataru Endo
67%
Angleterre Milieu Curtis Jones
56%
Irlande du Nord Défenseur Conor Bradley
54%
Angleterre Attaquant Rio Ngumoha
49%
Angleterre Gardien Freddie Woodman
38%
Italie Défenseur Giovanni Leoni
38%
Angleterre Milieu Trey Nyoni
36%
Espagne Milieu Stefan Bajcetic
31%
Ecosse Défenseur Calvin Ramsay
18%
Angleterre Défenseur Rhys Williams
18%
Angleterre Gardien Harvey Davies
8%
Aucun quiz correspondant
Distribution des résultats
% des personnes avec chaque résultat
Percentile par nombre de réponses
Votre historique - résultats
Vous n’avez pas pris ce quiz